|
|
|
|
| LEADER |
00956cam a2200229 7i4500 |
| 001 |
0000043829 |
| 005 |
20121107090000.0 |
| 020 |
|
|
|a 9786029656541 (hbk.)
|
| 090 |
0 |
0 |
|a BP190.5.P349
|b R53 2010
|
| 100 |
1 |
|
|a Rivai, Veithzal
|
| 245 |
1 |
0 |
|a Islamic performance appraisal for human capital :
|b sistem penilaian kinerja SDM secara Islami untuk mengoptimalkan kinerja perusahaan
|c Vethzal Rivai ... [et al.] ; editor, Euis Amalia.
|
| 260 |
|
|
|a Jakarta:
|b Gramata Publishing,
|c 2010.
|
| 300 |
|
|
|a xxii, 957 p.;
|c 26 cm.
|
| 650 |
0 |
0 |
|a Management --
|x Religious aspects --
|x Islam
|
| 650 |
0 |
0 |
|a Performance --
|x Evaluation
|
| 650 |
0 |
0 |
|a Performance --
|x Religious aspects --
|x Islam
|
| 700 |
0 |
|
|a Euis Amalia
|
| 997 |
|
|
|a Centre for Graduate Studies
|
| 998 |
|
|
|a Education Management, Master
|
| 998 |
|
|
|a Curriculum Management, Master
|
| 999 |
|
|
|a 0000051849
|b BOK
|c OPEN SHELF
|e 1st Floor, Bestari Jaya
|
| 999 |
|
|
|a 0000053923
|b BOK
|c OPEN SHELF
|e 1st Floor, Shah Alam
|